000 00803nam a22002057a 4500
999 _c1878
_d1878
003 AR-CdUCM
008 190228b ||||| |||| 00| 0 spa d
040 _aMUNICIPALIDAD PROVINCIAL DEL CUSCO
_cBIBLIOTECA MUNICIPAL DEL CUSCO
082 _a302 /
_bP59
100 _aPinilla, Antonio
_96881
245 _aLa interacción humana :
_bPrincipios de las relaciones sociales, administrativas y políticas /
260 _aEspaña
_bEdit. Tecnicos Asociados SA.
_c1972.
300 _a348 paginas ;
_c24 cm.
505 _aConocimiento de la interacción humana --Dirección de la interacción humana --Parte descriptiva --Parte preceptiva ...
650 _aInteracción social.
_96882
650 _aPsicología social.
_94539
650 _aFilosofia
_9395
942 _2ddc
_cLIBROS
945 _arjall
_d2019-02-28